| 000 | 00546nam a22001937a 4500 | ||
|---|---|---|---|
| 003 | OSt | ||
| 005 | 20130604141527.0 | ||
| 008 | 130604s2000 sp ||||| |||| 00| 0 cat d | ||
| 020 | _a847502601X | ||
| 040 | _cCDMR | ||
| 245 | 0 | 3 |
_aLa televisió (im)possible _cJuli Esteve... [et al.] |
| 260 |
_aValència _bEdicions 3 i 4 _c2000 |
||
| 300 | _a513 p. | ||
| 490 |
_aComunicació (Edicions 3 i 4) _v4 |
||
| 610 | 0 | 4 |
_93674 _aTelevisió Valenciana |
| 650 | 0 | 4 |
_93157 _aTelevisió _xNoticiaris |
| 700 | 1 |
_93669 _aEsteve Carbonell, Juli |
|
| 942 |
_2udc _cMON |
||
| 999 |
_c6403 _d6403 |
||